Statistics for Premier League 2022/23 Players by Name - M

Click here to take the quiz!

General Stats

  • This quiz has been taken 39 times
  • The average score is 30 of 51

Answer Stats

ClubNationPositionPlayer% Correct
Manchester UnitedEnglandDFHarry Maguire
96%
Manchester CityAlgeriaFWRiyad Mahrez
96%
Manchester UnitedFranceFWAnthony Martial
93%
ChelseaSenegalGKEdouard Mendy
93%
Aston VillaArgentinaGKEmiliano Martinez
93%
Manchester UnitedArgentinaDFLisandro Martinez
93%
Leicester CitySenegalMFNampalys Mendy
93%
Brighton & Hove AlbionArgentinaMFAlexis Mac Allister
89%
Manchester UnitedScotlandMFScott McTominay
89%
Leicester CityEnglandMFJames Maddison
86%
LiverpoolCameroonDFJoel Matip
86%
ChelseaEnglandMFMason Mount
86%
ChelseaUkraineFWMykhyalo Mudryk
86%
FulhamSerbiaFWAleksandar Mitrovic
82%
ArsenalBrazilFWGabriel Martinelli
82%
Tottenham HotspurBrazilFWLucas Moura
71%
EvertonColombiaDFYerry Mina
71%
Leeds UnitedFranceGKIllan Meslier
68%
Aston VillaScotlandMFJohn McGinn
68%
LiverpoolEnglandMFJames Milner
64%
WolvesPortugalMFJoao Moutinho
64%
Brighton & Hove AlbionJapanMFKaoru Mitoma
64%
Manchester UnitedNetherlandsDFTyrell Malacia
64%
EvertonUkraineDFVitalii Mykolenko
64%
EvertonFranceFWNeal Maupay
61%
Aston VillaEnglandDFTyrone Mings
61%
Leeds UnitedUnited StatesMFWeston McKennie
61%
BrentfordCameroonFWBryan Mbeumo
54%
Crystal PalaceSerbiaMFLuka Milivojevic
54%
SouthamptonEnglandGKAlex McCarthy
50%
Aston VillaSpainDFAlex Moreno
50%
ChelseaEnglandFWNoni Madueke
50%
Crystal PalaceEnglandDFTyrick Mitchell
50%
Crystal PalaceScotlandMFJames McArthur
46%
Newcastle UnitedSpainDFJavier Manquillo
46%
BournemouthWalesFWKieffer Moore
46%
BournemouthWalesDFChris Mepham
43%
Brighton & Hove AlbionPolandMFJakub Moder
43%
Brighton & Hove AlbionEnglandMFSolly March
43%
BrentfordEnglandDFBen Mee
36%
Nottingham ForestBelgiumMFOrel Mangala
36%
Nottingham ForestScotlandDFScott McKenna
36%
SouthamptonFranceFWSekou Mara
36%
EvertonEnglandMFDwight McNeil
25%
Manchester UnitedEnglandDFTeden Mengi
25%
Newcastle UnitedEnglandMFJacob Murphy
21%
Manchester UnitedEnglandMFKobbie Mainoo
21%
SouthamptonEnglandDFAinsley Maitland-Niles
14%
Nottingham ForestEnglandFWAlex Mighten
11%
Brighton & Hove AlbionIrelandMFAndrew Moran
11%
Brighton & Hove AlbionEnglandGKTom McGill
11%

Score Distribution

Percentile by Number Answered

Percent of People with Each Score

Your Score History

You have not taken this quiz